The study of cattle raising for draft in the HUN SEN development center, krain yov, ការសិក្សាពីកាេចិញ្ចឹមគោជាកំលាំងអូសទាញនៅមជ្ឈមណ្ធលអភិវឌ្ឍន៍ ហ៊ុន សែន ក្រាំងយ៉ូវ. (Record no. 1991)

000 -LEADER
fixed length control field 00671nam a22001577a 4500
003 - CONTROL NUMBER IDENTIFIER
control field OSt
005 - DATE AND TIME OF LATEST TRANSACTION
control field 20151006100856.0
008 - FIXED-LENGTH DATA ELEMENTS--GENERAL INFORMATION
fixed length control field 151006b xxu||||| |||| 00| 0 eng d
040 ## - CATALOGING SOURCE
Transcribing agency RUA
082 ## - DEWEY DECIMAL CLASSIFICATION NUMBER
Classification number AVM TUN 1996 B070 Or.1
100 ## - MAIN ENTRY--PERSONAL NAME
9 (RLIN) 2117
Personal name TUN, YOUHEANG.
245 ## - TITLE STATEMENT
Title The study of cattle raising for draft in the HUN SEN development center, krain yov, ការសិក្សាពីកាេចិញ្ចឹមគោជាកំលាំងអូសទាញនៅមជ្ឈមណ្ធលអភិវឌ្ឍន៍ ហ៊ុន សែន ក្រាំងយ៉ូវ.
260 ## - PUBLICATION, DISTRIBUTION, ETC. (IMPRINT)
Place of publication, distribution, etc. phnom phen
Name of publisher, distributor, etc. RUA
Date of publication, distribution, etc. 1996
300 ## - PHYSICAL DESCRIPTION
Extent 82p.
Other physical details ill.
Dimensions 29cm.
942 ## - ADDED ENTRY ELEMENTS (KOHA)
Source of classification or shelving scheme
Koha item type AVM
Holdings
Price effective from Date last seen Permanent Location Not for loan Date acquired Source of classification or shelving scheme Koha item type Barcode Lost status Damaged status Shelving location Withdrawn status Current Location Full call number
2015-10-062015-10-06Library Block B 2015-10-06 AVMRUA007404  B070 Library Block BAVM TUN 1996 B070 Or.1
មជ្ឈមណ្ឌលឯការនៃសាកលវិទ្យាល័យភូមិន្ទកសិកម្មចំការដូង

Powered by Koha